000 00829ngm a2200169 u 4500
005 20230203063723.0
008 170616s1999 mx 180 aaspa d
035 _aUPN01000218806
049 _aAV
050 4 _aPVI LB 1390
245 0 0 _aTransformar nuestra escuela.
260 _aMéxico :
_bSEP :
_bCooperación Española,
_c1999.
300 _a3 videocasetes (VHS) (180 min.) :
_bson., col.
505 8 _aContenido:
_gv.1.
_t¿Cómo conocer mejor nuestra escuela? : elementos para el diagnóstico ; El proyecto escolar : una estrategia para transformar nuestra escuela --
_gv.2.
_tLa función directiva --
_gv.3.
_tEscuela Primaria "David Alfaro Siqueiros" Guerrero Negro, Baja California Sur : una experiencia escolar ; Esc. Prim. "Miguel Hidalgo", Colima, Colima
650 2 _aGestión escolar
_914104
905 _aAudiovisuales
999 _c190906
_d190906